Trabajadores no asegurados y reclamación de los servicios sanitarios prestados por las mutuas colaboradoras (Registro nro. 205623)
[ vista simple ]
| 000 -CABECERA | |
|---|---|
| campo de control de longitud fija | 01069naa a22002417a 4500 |
| 001 - NÚMERO DE CONTROL | |
| campo de control | 205623 |
| 003 - IDENTIFICADOR DEL NÚMERO DE CONTROL | |
| campo de control | ES-MaBCM |
| 005 - FECHA Y HORA DE LA ÚLTIMA TRANSACCIÓN | |
| campo de control | 20241010121357.0 |
| 008 - CÓDIGOS DE INFORMACIÓN DE LONGITUD FIJA | |
| campo de control de longitud fija | 170613t2016 sp ||||| |||| 00| 0 spa d |
| 035 ## - NÚMERO DE CONTROL DEL SISTEMA | |
| Número de control de sistema | (OCoLC)1365253860 |
| 040 ## - FUENTE DE LA CATALOGACIÓN | |
| Centro transcriptor | ES-MaBCM |
| 100 1# - PUNTO DE ACCESO PRINCIPAL - NOMBRE DE PERSONA | |
| 9 (RLIN) | 37735 |
| Nombre de persona | Pozo Moreira, Francisco Javier |
| 245 10 - MENCIÓN DE TÍTULO | |
| Título | Trabajadores no asegurados y reclamación de los servicios sanitarios prestados por las mutuas colaboradoras |
| Resto del título | = The access to receive health care at work place and refund paid by worker for non-coverage assistance by the private insurance fund (mutual) |
| Mención de responsabilidad etc. | Francisco Javier Pozo Moreira |
| 504 ## - NOTA DE BIBLIOGRAFÍA, ETC. | |
| Nota de bibliografía etc. | Incluye referencias bibliográficas |
| 650 #7 - PUNTO DE ACCESO ADICIONAL DE MATERIA--TÉRMINO DE MATERIA | |
| 9 (RLIN) | 60469 |
| Término de materia o nombre geográfico como elemento inicial | Mano de obra |
| 650 #7 - PUNTO DE ACCESO ADICIONAL DE MATERIA--TÉRMINO DE MATERIA | |
| 9 (RLIN) | 59520 |
| Término de materia o nombre geográfico como elemento inicial | Mutualidad laboral |
| 650 #7 - PUNTO DE ACCESO ADICIONAL DE MATERIA--TÉRMINO DE MATERIA | |
| 9 (RLIN) | 57411 |
| Término de materia o nombre geográfico como elemento inicial | Accidente laboral |
| 650 #7 - PUNTO DE ACCESO ADICIONAL DE MATERIA--TÉRMINO DE MATERIA | |
| 9 (RLIN) | 57619 |
| Término de materia o nombre geográfico como elemento inicial | Asistencia sanitaria |
| 650 #7 - PUNTO DE ACCESO ADICIONAL DE MATERIA--TÉRMINO DE MATERIA | |
| 9 (RLIN) | 60210 |
| Término de materia o nombre geográfico como elemento inicial | Seguridad social |
| 651 #4 - PUNTO DE ACCESO ADICIONAL DE MATERIA--NOMBRE GEOGRÁFICO | |
| 9 (RLIN) | 115342 |
| Nombre geográfico | España |
| 773 0# - ENLACE AL DOCUMENTO FUENTE | |
| Lugar editor y fecha de publicación | Murcia Laborum 2016 |
| Parte(s) relacionada(s) | P. 289-298 - Loc. 59328 |
| Título | Los retos actuales de la asistencia sanitaria española en el contexto de la Unión Europea |
| Número de control del registro relacionado | 204095 |
| 942 ## - ELEMENTOS DE PUNTO DE ACCESO ADICIONAL (KOHA) | |
| Fuente del sistema de clasificación o colocación | Universal Decimal Classification |
| Tipo de ítem Koha | Capítulos de monografías |
| Estado de retiro | Estado de pérdida | Fuente del sistema de clasificación o colocación | Estado dañado | No para préstamo | Localización permanente | Ubicación/localización actual | Ubicación en estantería | Fecha de adquisición | Fuente de adquisición | Fecha visto por última vez | Precio válido a partir de | Tipo de ítem Koha |
|---|---|---|---|---|---|---|---|---|---|---|---|---|
| Universal Decimal Classification | Biblioteca Central del Ministerio de la Presidencia | Biblioteca Central del Ministerio de la Presidencia | Sala | 13/06/2017 | Compra | 13/06/2017 | 13/06/2017 | Capítulos de monografías |
